Micro-computer market in Japan

שמור ב:
מידע ביבליוגרפי
פורמט: ספר
שפה:Undetermined
יצא לאור: Tokyo Yano Research Institute 1986
נושאים:
תגים: הוספת תג
אין תגיות, היה/י הראשונ/ה לתייג את הרשומה!
Thư viện lưu trữ: Trung tâm Học liệu Trường Đại học Cần Thơ
LEADER 00479nam a2200169Ia 4500
001 CTU_80891
008 210402s9999 xx 000 0 und d
082 |a 380.1 
082 |b M625 
245 0 |a Micro-computer market in Japan 
260 |a Tokyo 
260 |b Yano Research Institute 
260 |c 1986 
650 |a Computer industry,Market surveys,Microcomputers 
650 |z Japan,Japan 
904 |i Trọng Hải 
980 |a Trung tâm Học liệu Trường Đại học Cần Thơ